Home truths (Record no. 77712)

MARC details
000 -LEADER
fixed length control field 01232cab a2200205 4500
001 - CONTROL NUMBER
control field ##L134921
008 - FIXED-LENGTH DATA ELEMENTS--GENERAL INFORMATION
fixed length control field 060911n2006 000 0 eng u
035 ## - SYSTEM CONTROL NUMBER
System control number (Sirsi) u134921
041 0# - LANGUAGE CODE
Language code of text/sound track or separate title eng
110 2# - MAIN ENTRY--CORPORATE NAME
Corporate name or jurisdiction name as entry element Royal Institution of Chartered Surveyors
Subordinate unit Public Affairs
9 (RLIN) 4679
245 00 - TITLE STATEMENT
Title Home truths
260 ## - PUBLICATION, DISTRIBUTION, ETC.
Date of publication, distribution, etc. 2006
490 #0 - SERIES STATEMENT
Series statement RICS Press Release
Volume/sequential designation (PR095) 7 September 2006
520 ## - SUMMARY, ETC.
Summary, etc. RICS has published a survey which rates common types of home improvement according to the percentage increase in value they are likely to add to a property. Money spent on home improvements does not automatically increase the value of property. RICS recommends taking professional advice before commencing home improvements. RICS has also published an information leaflet "Extending your home" (L134922) covering what people need to know before embarking on major building works. Presents data from the RICS home improvements survey (Excel spreadsheet).
590 ## - LOCAL NOTE (RLIN)
Local note IKA190906
651 #4 - SUBJECT ADDED ENTRY--GEOGRAPHIC NAME
Geographic name United Kingdom
Chronological subdivision
690 ## - LOCAL SUBJECT ADDED ENTRY--TOPICAL TERM (OCLC, RLIN)
Topical term or geographic name as entry element PROPERTY-RESIDENTIAL PROPERTY-RESIDENTIAL PROPERTY MARKET
856 40 - ELECTRONIC LOCATION AND ACCESS
Uniform Resource Identifier <a href="https://www.rics.org/RICSWEB/getpage.aspx?p=X8uRcGvGsU-_Yv2Yf4PF7g">https://www.rics.org/RICSWEB/getpage.aspx?p=X8uRcGvGsU-_Yv2Yf4PF7g</a>
Public note View the news release free of charge at www.rics.org...
942 ## - ADDED ENTRY ELEMENTS (KOHA)
Suppress in OPAC 0
Holdings
Withdrawn status Lost status Source of classification or shelving scheme Damaged status Not for loan Home library Current library Shelving location Date acquired Total Checkouts Full call number Barcode Date last seen Copy number Price effective from Koha item type
    Dewey Decimal Classification     Virtual Virtual Online 11/09/2006   ONLINE PUBLICATION 134921-2001 06/08/2019 1 06/08/2019 Journal article